Management and cost accounting

Salvato in:
Dettagli Bibliografici
Autore principale: Drury, Colin
Natura: Libro
Pubblicazione: London : Thomson Learning ©2008
Edizione:7th ed.
Soggetti:
Tags: Aggiungi Tag
Nessun Tag, puoi essere il primo ad aggiungerne!!

MARC

LEADER 00000nam a2200000 4500
020 |a 9781408041802  |c TZS 30,822.00 
040 |a MUL  |b eng  |e AACR 
082 |a 658.1511 DRU 
100 |a Drury, Colin 
245 |a Management and cost accounting  |c / Colin Drury 
250 |a 7th ed. 
260 |a London :  |b Thomson Learning  |c ©2008 
300 |a  xxii, 775 p. :  |b ill.;  |c 27 cm 
504 |a Include index 
546 |a eng 
650 |a Managerial accounting 
650 |a Cost accounting 
650 |a Management Accounting 
942 |c BK 
999 |c 10190  |d 10190